| 000 | 01519cam a2200397L 4500 | ||
|---|---|---|---|
| 001 | 84277 | ||
| 005 | 20230411090042.0 | ||
| 007 | cr ||||||||||| | ||
| 008 | 091208s2008 uik sb 000 u eng d | ||
| 035 | _a(OCoLC)ocn475507977 | ||
| 040 |
_aDKDLA _bdan _cDKDLA |
||
| 020 | _z0195330986 (Cloth) | ||
| 020 | _z0195369416 (Paper) | ||
| 029 | 0 |
_aDKDLA _b36497733 |
|
| 035 | _a(OCoLC)475507977 | ||
| 043 | _an-us--- | ||
| 082 | 4 |
_a327.73 _222 |
|
| 049 | _aGRAL | ||
| 245 | 0 | 0 |
_aTo lead the world _helectronic resource : _bAmerican strategy after the Bush doctrine / _cedited by Melvyn P. Leffler and Jeffrey W. Legro. |
| 260 |
_aOxford ; _aNew York : _bOxford University Press, _c2008. |
||
| 300 |
_axii, 303 s. : _bill. ; _c24 cm. |
||
| 500 | _aTitle from e-book title screen (viewed August 18, 2008). | ||
| 500 | _aElectronic reproduction. UK : MyiLibrary, 2008 Available via World Wide Web. Access may be limited to MIL affiliated libraries. | ||
| 600 | 1 | 4 |
_aBush, George W., _d1946- _qBush, George Walker. |
| 650 | 4 |
_aNational security _zUnited States. |
|
| 650 | 4 | _aSecurity, International. | |
| 650 | 4 |
_aWorld politics _y21st century. |
|
| 651 | 4 |
_aUnited States _xForeign relations _y2001- _xPhilosophy. |
|
| 700 | 1 |
_aLeffler, Melvyn P., _d1945-. |
|
| 700 | 1 | _aLegro, Jeffrey. | |
| 710 | 2 | _aMyiLibrary. | |
| 856 |
_uhttp://www.myilibrary.com?id=134238 _lhttp://esc-proxy.lib.cbs.dk/login?url= _aMyiLibrary _zCampus and remote access |
||
| 942 |
_2lcc _cbk |
||
| 994 |
_aC0 _bDRFGD |
||
| 946 | _aweb | ||
| 999 |
_c111638 _d111638 |
||